01360nam a2200181 a 4500020002700000020003000027082001600057100001900073245007100092250001200163260004600175300001300221520082500234650001401059650001601073650001901089856007001108 a8173196818 (hardcover) a9788173196812 (hardcover) a543.089 KHO1 aKhopkar, S. M.10aAnalytical chemistry of macrocyclic and supramolecular compounds / a2nd ed. aNew DelhibAlpha Science Intl Ltd,c2005. a347 p. ; aThis volume provides a comprehensive state-of-the-art account, exclusively devoted to the analytical chemistry of Macrocyclic (crown ethers), macrobicyclic (cryptands) and the Supramolecular compounds (calixarene and calyx(n) resocrineremeand Rotaxanes). These compounds having a great deal of similarity in their chemical characteristics have direct application in biosciences, analytical chemistry, solvent extraction, chromatography, spectroscopy and ion selective electrodes. New to the Second Edition: * Chromogenic Crownethers in Solvent Extraction describing the Classification, Synthesis and Applications in extractive photometry. * Rotaxane Synthesis and Characteristics describing structure of the mainframe work with linear support with Supramolecular compound as the central wheel with stoppers for clipping. achemistry amcacrocylic asupramolecular40uhttp://www.amazon.com/exec/obidos/ASIN/8173196818/chopaconline-20